Dresy vydržali s Miroslavom Patrom o úspechu v USA, tréningu a o inom

Bibliographic Details
Main Authors: Klaučová, Zlata (ain), Patro, Miroslav 1957- (Author, uin)
Format: Article
Language:Slovak
PhysicalDescription:Fotogr.
Subjects:

MARC

LEADER 00000nab a2200000 a 4500
001 vtls000663917
003 SK-MaSNL
005 20260302183013.0
008 180205c1998 xo 0 slo
015 |a SNBRB1998/07-18530 
035 |a CLN000016103 
040 |a SNKBUCL  |b slo  |c SNKBUCL  |e AACR2 
041 0 |a slo 
044 |a xo  |c SK 
080 |a 796.8.071  |2 UDC-MRF-SK2 
100 1 |a Klaučová, Zlata  |4 ain  |9 841573 
245 1 0 |a Dresy vydržali  |b s Miroslavom Patrom o úspechu v USA, tréningu a o inom  |c [zhovárala sa] Zlata Klaučová 
300 |b Fotogr. 
600 1 7 |a Patro, Miroslav  |d 1957-  |2 snkbucl  |9 895939 
655 7 |a články z novín a časopisov  |2 snkbucl  |9 267496 
700 1 |a Patro, Miroslav  |d 1957-  |4 aut  |4 uin  |9 895939 
773 0 |t Muscle a fitness  |g Roč. 7, č. 7 (1998), s. 88 
850 |a Slovenská národná knižnica v Martine 
852 |a SNK  |b KIS3GCP 
958 |a RBX 
999 |c 1420117  |d 1422047